00474nmm a2200157Ia 4500008004100000041000800041100002400049245003100073264006800104300001800172490001500190650001400205700002400219700002200243856005100265251105s9999||||xx |||||||||||||||||und|| aspa aMatthews, Gareth B. 0aEl niño y la filosofía a[México D.C., Mexico] :bFondo de Cultura Económica, c2016 a139 páginas aBreviarios aEducation aMatthews, Gareth B.1 a Valdés, Carlos uhttps://public.digitaliapublishing.com/a/64354